[Event "29th World Open"]
[Site "Philadelphia USA"]
[Date "2001.07.07"]
[Round "6"]
[White "Shahade,J"]
[Black "Gaprindashvili,V"]
[Result "0-1"]
[WhiteElo "2257"]
[BlackElo "2486"]

1.e4 e6 2.d4 d5 3.Nd2 Be7 4.Ngf3 Nf6 5.e5 Nfd7 6.c3 c5 7.Bd3 Nc6 8.O-O a5
9.Qe2 cxd4 10.cxd4 Qb6 11.Rd1 g5 12.Nb1 g4 13.Ng5 Rg8 14.Nxh7 Qxd4 15.Nf6+ Nxf6
16.exf6 Qxf6 17.Nc3 Bd7 18.Bb5 Kf8 19.Ne4 Qg6 20.Bf4 e5 21.Rxd5 Be6 22.Rxe5 Nxe5
23.Bxe5 Bf5 24.Ng3 Rd8 25.Nxf5 Qxf5 26.Re1 Bb4 27.Qe3 Rg6 28.Rc1 Re6 29.Qd4 Be7
30.Bg7+ Kg8  0-1

[Event "Open"]
[Site "Hyeres FRA"]
[Date "2001.07.10"]
[Round "5"]
[White "Boudre,JP"]
[Black "Vallin,G"]
[Result "1/2-1/2"]
[WhiteElo "2372"]
[BlackElo "2359"]

1.e4 e6 2.d4 d5 3.Nd2 a6 4.Ngf3 c5 5.exd5 exd5 6.dxc5 Bxc5 7.Nb3 Bb6 8.Bg5 Nf6
9.Qe2+ Qe7 10.Bxf6 Qxe2+ 11.Bxe2 gxf6 12.Nfd4 Nc6 13.O-O-O Be6 14.f4 O-O-O
15.Bf3 Kc7 16.Rhe1 Rd6 17.c3 Rhd8 18.Re2 Ba7 19.Red2 Ne7 20.Re1 Nc6 21.Bh5 Nxd4
22.Nxd4 Bxd4 23.Rxd4 f5 24.Bf3 b5 25.Red1 Kb6 26.Kd2 Kc6 27.Ke3 R8d7 28.Kf2 Rd8
29.Re1 a5 30.a3 Rb8 31.Re3 a4 32.Be2 Re8 33.Re5 f6 34.Re3 Bf7 35.Rdd3 Re7
36.Rd2 Re8 37.h3 Red8 38.Bd1 Re8 39.Bc2 Bg6  1/2-1/2

[Event "ch-SCO"]
[Site "Aberdeen SCO"]
[Date "2001.07.13"]
[Round "7"]
[White "Motwani,P"]
[Black "Buchanan,W"]
[Result "1-0"]
[WhiteElo "2511"]
[BlackElo "2105"]

1.e4 e6 2.d4 d5 3.Nd2 Nc6 4.Ngf3 Nf6 5.e5 Nd7 6.Bb5 a6 7.Bxc6 bxc6 8.O-O Be7
9.Re1 c5 10.dxc5 Nxc5 11.Nd4 Qd7 12.Qh5 Bb7 13.Nf1 Na4 14.Ng3 g6 15.Qh6 O-O-O
16.b3 Nb6 17.Bg5 c5 18.Nf3 Bxg5 19.Nxg5 Rdf8 20.c3 Kb8 21.a4 Nc8 22.Nf3 d4
23.Ne4 Bxe4 24.Rxe4 d3 25.Qe3 Ne7 26.Qxc5 Rc8 27.Qb6+ Qb7 28.Qd6+ Ka8 29.Rb4 Nf5
30.Qxd3 Rhd8 31.Qe2 Qb6 32.a5 Rc7 33.Rc4 Qb5 34.g4 Ne7 35.Nd4 Rxd4 36.cxd4 Nd5
37.Rac1 Kb8 38.Qf3 Qxa5 39.Rxc7 Nxc7 40.Qxf7 Qb6 41.Qd7  1-0

[Event "Tan Lian Ann cup"]
[Site "Tianjin CHN"]
[Date "2001.07.15"]
[Round "1"]
[White "Ding Linlin"]
[Black "Yu Shaoteng"]
[Result "0-1"]
[WhiteElo "2347"]
[BlackElo "2517"]

1.e4 e6 2.d4 d5 3.Nd2 Be7 4.Ngf3 Nf6 5.Bd3 c5 6.c3 Nc6 7.O-O cxd4 8.Nxd4 O-O
9.Nxc6 bxc6 10.e5 Nd7 11.Re1 Nc5 12.Bc2 f5 13.exf6 Bxf6 14.Nf3 Qd6 15.Be3 e5
16.Bxc5 Qxc5 17.Nxe5 Bxe5 18.Rxe5 Qxf2+ 19.Kh1 Bg4 20.Qd3 g6 21.Bb3 Rae8
22.Rxe8 Rxe8 23.Qg3 Re2 24.Rd1 Qxg3 25.hxg3 Rxb2 26.Rd4 Be6 27.Ra4 c5 28.Ra6 Bf7
29.Kh2 c4 30.Bd1 Rb7 31.Bf3 Kf8 32.Ra5 Rd7 33.Bg4 Rc7 34.Bd1 Ke7 35.Kg1 Be6
36.Kf2 d4 37.cxd4 c3 38.Bc2 Bf5 39.Re5+ Kd6 40.Bxf5 gxf5 41.Re1 Kd5  0-1

[Event "EuChJun Boys"]
[Site "Patras GRE"]
[Date "2001.07.18"]
[Round "3"]
[White "Lazar,Ales ml"]
[Black "Vallin,G"]
[Result "1-0"]
[WhiteElo "2259"]
[BlackElo "2359"]

1.e4 e6 2.d4 d5 3.Nd2 a6 4.c3 c5 5.e5 Nc6 6.Ndf3 f6 7.exf6 Nxf6 8.Bd3 cxd4
9.cxd4 Bd6 10.Ne2 O-O 11.O-O Qc7 12.Ng3 Bd7 13.Bg5 Rae8 14.Rc1 Qb6 15.Bb1 Qxb2
16.Re1 Bb8 17.Re2 Qb6 18.Qd3 Qb5 19.Qc2 Nb4 20.Qd2 Rc8 21.Rce1 Bxg3 22.hxg3 Ne4
23.Rxe4 dxe4 24.Rxe4 Nd5 25.Bd3 Qb4 26.Rh4 Rf5 27.Qe2 Nc3 28.Qe3 Nd5 29.Qe4 Nc3
30.Qg4 Be8 31.Bxf5 exf5 32.Qxf5 Qb1+ 33.Qxb1 Nxb1 34.d5 Nc3 35.d6 Rc6 36.Be7 Nb5
37.Rf4  1-0

[Event "Politiken Cup"]
[Site "Copenhagen DEN"]
[Date "2001.07.20"]
[Round "6"]
[White "Brynell,S"]
[Black "Pedersen,C"]
[Result "1/2-1/2"]
[WhiteElo "2486"]
[BlackElo "2280"]

1.e4 e6 2.d4 d5 3.Nd2 Nc6 4.c3 e5 5.exd5 Qxd5 6.Ngf3 exd4 7.Bc4 Qh5 8.cxd4 Be6
9.Bxe6 fxe6 10.Qb3 O-O-O 11.O-O Bd6 12.Ne4 Nf6 13.Qxe6+ Kb8 14.h3 Rde8 15.Nxf6 gxf6
16.Qc4 Reg8 17.Kh1 Rg4 18.Be3 Rhg8 19.Rg1 Ne7  1/2-1/2

[Event "Open"]
[Site "Novosibirsk RUS"]
[Date "2001.07.20"]
[Round "2"]
[White "Grachev,J"]
[Black "Pokrasenko,A"]
[Result "1-0"]
[WhiteElo "2380"]
[BlackElo "2188"]

1.e4 e6 2.d4 d5 3.Nd2 a6 4.Ngf3 Bd7 5.exd5 exd5 6.Ne5 Nf6 7.Bd3 Bd6 8.O-O O-O
9.Re1 Re8 10.Ndf3 Bb5 11.Bg5 Be7 12.Bf5 Bd7 13.Qd3 g6 14.Nxf7 Bxf5 15.Qxf5 gxf5
16.Nxd8 Bxd8 17.Rxe8+ Nxe8 18.Bxd8 Nc6 19.Bg5 Nd6 20.Bf4 Re8 21.Kf1 Nb5 22.c3 Na5
23.Ne5 Nd6 24.Nd7 Kf7 25.Bxd6 cxd6 26.Nb6 Nc4 27.Nxd5 Nd2+ 28.Kg1 Re2 29.Nf4 Re4
30.Nd3 Nc4 31.b3 Na3 32.Kf1 Nb5 33.Rc1 Re7 34.a4 Nc7 35.Nf4 Ne8 36.Nd5 Rd7
37.Ke2 Nf6 38.Nxf6 Kxf6 39.Re1 b5 40.axb5 axb5 41.Kd3 Ra7 42.d5 Ra2 43.Re6+ Kf7
44.Rxd6 Rxf2 45.Rh6 Rxg2 46.Rxh7+ Ke8 47.Rh5 Rf2 48.Kd4 Rf3 49.Rg5 Kd7 50.Rg3 Rf2
51.Kc5 f4 52.Rg7+ Kd8 53.Kxb5 f3 54.Rf7 Ke8 55.Rf4 Rf1 56.c4 f2 57.Kc6 Rb1
58.Rxf2 Rxb3 59.c5  1-0

[Event "Czech Open"]
[Site "Pardubice CZE"]
[Date "2001.07.20"]
[Round "1"]
[White "Kanovsky,D"]
[Black "Totsky,L"]
[Result "0-1"]
[WhiteElo "2265"]
[BlackElo "2481"]

1.e4 e6 2.d4 d5 3.Nd2 Be7 4.Bd3 Nc6 5.Ngf3 Nb4 6.Be2 dxe4 7.Nxe4 Nf6 8.Nxf6+ Bxf6
9.O-O O-O 10.a3 Nd5 11.c4 Ne7 12.Bd3 g6 13.Bh6 Re8 14.Re1 Nc6 15.d5 exd5
16.cxd5 Rxe1+ 17.Qxe1 Ne7 18.Bc4 Nf5 19.Bf4 Bxb2 20.Ra2 Bf6 21.Re2 Bd7 22.Ne5 Nd6
23.Bd3 Qc8 24.Nc4 Nb5 25.Be5 Bxe5 26.Rxe5 Qf8 27.Re3 Nd6 28.Ne5 Bf5 29.Qc3 Bxd3
30.Rxd3 Re8 31.f4 Re7 32.Rh3 Qg7 33.Rd3 Qf6 34.g3 Qf5 35.Qd4 f6 36.Nf3 Kf7
37.Kf2 Qe4 38.Qxe4 Nxe4+ 39.Kg2 Nc5 40.Rc3 b6 41.Nd4 Rd7 42.Nb5 a6 43.Nd4 Rxd5  0-1

[Event "Politiken Cup"]
[Site "Copenhagen DEN"]
[Date "2001.07.22"]
[Round "8"]
[White "McShane,L"]
[Black "Gurevich,M"]
[Result "1/2-1/2"]
[WhiteElo "2511"]
[BlackElo "2633"]

1.e4 e6 2.d4 d5 3.Nd2 a6 4.Ngf3 c5 5.exd5 exd5 6.Be2 c4 7.O-O Bd6 8.b3 cxb3
9.axb3 Ne7 10.c4 Nbc6 11.Bb2 O-O 12.c5 Bc7 13.Bc3 Bd7 14.b4 Na7 15.Re1 Bb5
16.Nf1 Re8 17.Bd3 Bxd3 18.Qxd3 Qd7 19.Ne3 Nb5 20.Bd2 Rad8 21.h3 Ng6 22.Nf5 Bf4
23.g3 Bxd2 24.Nxd2 Ne7 25.Nxe7+ Rxe7 26.Rxe7 Qxe7 27.Qe3 Qd7 28.Re1 Na7 29.Nf3 f6
30.Kg2 Nc6 31.Qb3 Na7 32.Re3 g6 33.h4 Kf7 34.Qd3 Qb5 35.Qd1 Nc6 36.h5 Ne7
37.hxg6+ Nxg6 38.Qb1 Qd7 39.Qh1 Kg7 40.Qh5 Rf8 41.Nh4 Nxh4+ 42.Qxh4 Qf5 43.Qh3 Qxh3+
44.Kxh3 Kf7 45.Kg4 Rg8+ 46.Kf5 Rg5+ 47.Kf4 h5 48.f3 Rg8 49.Re2 Rh8 50.Kf5 h4
51.g4 Re8 52.Rxe8 Kxe8 53.Kf4 Kf7 54.Ke3 f5 55.g5 h3 56.Kf2 f4 57.Kg1 Kg6
58.Kh2 Kxg5 59.Kxh3 Kh5 60.Kh2  1/2-1/2

[Event "3rd Open"]
[Site "Patras GRE"]
[Date "2001.07.22"]
[Round "5"]
[White "Kotronias,V"]
[Black "Barsov,A"]
[Result "1-0"]
[WhiteElo "2528"]
[BlackElo "2495"]

1.e4 e6 2.d4 d5 3.Nd2 Be7 4.Bd3 c5 5.dxc5 Nf6 6.Qe2 Nc6 7.Ngf3 Bxc5 8.O-O Qc7
9.a3 Bd7 10.e5 Ng4 11.b4 Nd4 12.Qd1 Bb6 13.Bb2 Nxf3+ 14.Nxf3 Ba4 15.Qe2 O-O-O
16.Rac1 Kb8 17.h3 Nh6 18.Nd4 Rc8 19.Qh5 Qd7 20.Qg5 Bxd4 21.Bxd4 Bb5 22.g4 b6
23.Rfe1 Bxd3 24.cxd3 Rhg8 25.Rxc8+ Kxc8 26.a4 Kb7 27.b5 Qd8 28.Qe3 Qd7 29.Rb1 Ra8
30.a5 bxa5 31.Qd2 Qd8 32.Ra1 Ng8 33.Rxa5 Ne7 34.Qc3 Qc7 35.Qa3 Nc8 36.Ra6 Qc2
37.Kg2 Qb1 38.b6 h5 39.g5  1-0

[Event "MTO"]
[Site "Biel SUI"]
[Date "2001.07.23"]
[Round "1"]
[White "Misiano,F"]
[Black "Riazantsev,A"]
[Result "0-1"]
[WhiteElo "2200"]
[BlackElo "2509"]

1.e4 e6 2.d4 d5 3.Nd2 Nc6 4.Ngf3 Nf6 5.e5 Nd7 6.Nb3 Be7 7.Bb5 a5 8.a4 Na7
9.Bd3 b6 10.c3 c5 11.Nbd2 Nc6 12.O-O Ba6 13.Bxa6 Rxa6 14.Nb3 O-O 15.Re1 Ra8
16.Qe2 Qc8 17.h4 Qa6 18.Qxa6 Rxa6 19.g3 Rb8 20.Kg2 Raa8 21.Re2 c4 22.Nbd2 b5
23.axb5 Rxb5 24.Nf1 a4 25.Ne3 Rbb8 26.Nd2 Nb6 27.f4 Na5 28.Re1 Rb7 29.Kf2 Rab8
30.Re2 h5 31.Nd1 Kh7 32.Kf3 Ra8 33.Kf2 Nb3 34.Nxb3 cxb3 35.Ne3 Nc4 36.Nxc4 dxc4
37.Ke1 Kg6 38.Kf2 a3 39.bxa3 Rba7 40.Bb2  0-1

[Event "Czech Open"]
[Site "Pardubice CZE"]
[Date "2001.07.25"]
[Round "6"]
[White "Neumann,P"]
[Black "Hagara,E"]
[Result "1/2-1/2"]
[WhiteElo "2438"]
[BlackElo "2346"]

1.e4 e6 2.d4 d5 3.Nd2 Nc6 4.Ngf3 Nf6 5.e5 Ng4 6.Nb3 Nh6 7.Bg5 Be7 8.Bxh6 gxh6
9.Qd2 Bf8 10.Bb5 Bd7 11.Bxc6 Bxc6 12.Na5 Qd7 13.Nxc6 Qxc6 14.O-O-O O-O-O
15.Kb1 Kb8  1/2-1/2

[Event "Continental Open"]
[Site "Las Vegas USA"]
[Date "2001.07.26"]
[Round "1"]
[White "Langer,M"]
[Black "Atalik,S"]
[Result "0-1"]
[WhiteElo "2285"]
[BlackElo "2532"]

1.e4 e6 2.d4 d5 3.Nd2 Be7 4.c3 c5 5.dxc5 Bxc5 6.Nb3 Bb6 7.exd5 exd5 8.Nf3 Nf6
9.Bb5+ Nc6 10.O-O O-O 11.Bg5 a6 12.Be2 Re8 13.Bh4 h6 14.Re1 g5 15.Bg3 Ne4
16.Nfd4 f5 17.f3 Nxg3 18.hxg3 Qd6 19.Bd3 Bd7 20.Kh2 Bc7 21.Ne2 Rxe2 22.Rxe2 Qxg3+
23.Kg1 Bb6+ 24.Kf1 Qh4 25.Nd4 Nxd4 26.cxd4 Bxd4 27.Rd2 Re8 28.Be4 Bb5+  0-1

[Event "Czech Open"]
[Site "Pardubice CZE"]
[Date "2001.07.26"]
[Round "7"]
[White "Solovjov,S"]
[Black "Gutman,G"]
[Result "1/2-1/2"]
[WhiteElo "2434"]
[BlackElo "2519"]

1.e4 e6 2.d4 d5 3.Nd2 a6 4.Ngf3 c5 5.dxc5 Bxc5 6.Bd3 Nf6 7.O-O Nc6 8.e5 Ng4
9.Nb3 Ba7 10.Bf4 Bb8 11.Re1 f6 12.Nbd4 Nxd4 13.Nxd4 Nxe5 14.Bxe5 fxe5 15.Qh5+ g6
16.Bxg6+ Ke7 17.Qg5+ Kd7 18.Qg4 hxg6 19.Rxe5 Bxe5 20.Qxe6+ Kc7 21.Qxe5+ Kb6
22.Qe3 Qd6 23.Ne6+ d4 24.Nxd4 Qxh2+ 25.Kf1 Qh1+ 26.Ke2 Qh6 27.f4 Qh5+ 28.Kf2 Kc7
29.Rh1 Qxh1  1/2-1/2

[Event "Continental Open"]
[Site "Las Vegas USA"]
[Date "2001.07.27"]
[Round "3"]
[White "Gufeld,E"]
[Black "Lputian,S"]
[Result "1/2-1/2"]
[WhiteElo "2466"]
[BlackElo "2608"]

1.e4 e6 2.d4 d5 3.Nd2 Be7 4.Bd3 c5 5.dxc5 Nf6 6.exd5 Qxd5 7.Ngf3 Nbd7 8.O-O Nxc5
9.Bc4 Qd6 10.Qe2 O-O 11.Nb3 Na4 12.Rd1 Qc7 13.Bb5 Nb6 14.Ne5 a6 15.Bd3 Nbd5
16.Bd2 Bd6 17.Re1 Nb4 18.Bxb4 Bxb4 19.c3 Bd6 20.h3 b6 21.Rad1 Bb7 22.Nd4 Bd5
23.Ng4 Nxg4 24.hxg4 Bc5 25.Be4 Bxe4 26.Qxe4 Rad8 27.Nb3 h6 28.Nxc5 Qxc5 29.g3 a5
30.a4 Rd6 31.b4 Qc6 32.Rxd6 Qxd6 33.Qe5 Qd2 34.Qe3 Qxe3 35.Rxe3 Ra8 36.Re4 Kf8
37.Rc4 axb4 38.Rxb4 Ra6 39.Kf1 Ke7 40.Ke2 Kd7 41.Kd3 Kc6 42.Rc4+ Kd6 43.Rd4+  1/2-1/2

[Event "EuChJun Boys"]
[Site "Patras GRE"]
[Date "2001.07.27"]
[Round "11"]
[White "Mladenov,Sv"]
[Black "Castaldo,F"]
[Result "1/2-1/2"]
[WhiteElo "2306"]
[BlackElo "2304"]

1.e4 e6 2.d4 d5 3.Nd2 Nc6 4.Ngf3 Nf6 5.e5 Nd7 6.c3 Be7 7.Bb5 O-O 8.O-O f6
9.exf6 Bxf6 10.Re1 Re8 11.Nb3 e5 12.Bxc6 bxc6 13.Na5 Re6 14.dxe5 Nxe5 15.Rxe5 Rxe5
16.Nxc6 Qd6 17.Ncxe5 Bxe5 18.Qe2 Bf6 19.Bf4 Ba6 20.Qd2 Qd7 21.Be5 Rf8 22.Rd1 c6
23.Bxf6 Rxf6 24.Re1 h6 25.Re5 Qg4 26.Qe3 Qg6 27.Qxa7 c5 28.Qa8+ Kh7 29.h4 Rxf3
30.Re8 Qd3 31.h5 Qd1+ 32.Kh2 Rf8 33.Rxf8 Qxh5+ 34.Kg3 Qg6+ 35.Kf3 Qe4+  1/2-1/2

[Event "Ladies"]
[Site "Hasselbacken SWE"]
[Date "2001.08.01"]
[Round "5"]
[White "Pavlovskaia,E"]
[Black "Andersson,C"]
[Result "1-0"]
[WhiteElo "2184"]
[BlackElo "2124"]

1.e4 e6 2.d4 d5 3.Nd2 Be7 4.c3 c5 5.Ngf3 Nf6 6.exd5 Nxd5 7.Bb5+ Bd7 8.Bxd7+ Nxd7
9.O-O cxd4 10.Nxd4 O-O 11.N2f3 Qc7 12.Bg5 Rad8 13.Qe2 Nc5 14.Rfd1 Bxg5 15.Nxg5 Qf4
16.Ngf3 Rfe8 17.c4 Nb6 18.b4 Na6 19.b5 Nc5 20.Nb3 Nca4 21.Rd4 Rxd4 22.Nfxd4 Rd8
23.g3 Qf6 24.Qe4 h6 25.Rc1 Nc5 26.Nxc5 Qxd4 27.Qxd4 Rxd4 28.Nxb7 Nxc4 29.a4 Kf8
30.a5 Nd6 31.Nxd6 Rxd6 32.Rc7 Rd5 33.b6 axb6 34.axb6  1-0

[Event "Open"]
[Site "Olomouc CZE"]
[Date "2001.08.04"]
[Round "3"]
[White "Salakhutdinov,I"]
[Black "Kucera,P"]
[Result "1-0"]
[WhiteElo "2183"]
[BlackElo "2348"]

1.e4 e6 2.d4 d5 3.Nd2 Nc6 4.Ngf3 Nf6 5.e5 Nd7 6.Nb3 f6 7.exf6 Qxf6 8.Bg5 Qf7
9.Bb5 a5 10.a4 Bd6 11.O-O O-O 12.Re1 Ndb8 13.Bh4 h6 14.Bg3 b6 15.c3 Ba6 16.Qe2 Re8
17.Nc1 Bxb5 18.axb5 Na7 19.Nd3 Qd7 20.Nfe5 Qxb5 21.Qh5 Rf8 22.Nf4 Rf5 23.Qg4 Qe8
24.Nxd5 Nd7 25.Ne3 Rg5 26.Qe4 Nxe5 27.Bxe5 Bxe5 28.dxe5 Rg6 29.Rad1 h5 30.f4 Rh6
31.Rd2 Qc6 32.Qc2 h4 33.Red1 Re8 34.Ng4 Rh8 35.Nf6+  1-0

[Event "Nordic Championships"]
[Site "Bergen NOR"]
[Date "2001.08.05"]
[Round "2"]
[White "Ofstad,P"]
[Black "Martinsen,S"]
[Result "1/2-1/2"]
[WhiteElo "2205"]
[BlackElo "2076"]

1.e4 e6 2.d4 d5 3.Nd2 Nc6 4.Ngf3 Nf6 5.e5 Nd7 6.Bb5 Be7 7.O-O a5 8.Re1 O-O
9.Nf1 Na7 10.Bd3 c5 11.c3 Nc6 12.Ng3 Re8 13.dxc5 Nxc5 14.Bb1 Nd7 15.Qa4 f5
16.exf6 Bxf6 17.Nh5 e5 18.Qb5 Nb6 19.Nxf6+ gxf6 20.Be3 Nc4 21.Bc2 Re7 22.Rad1 Be6
23.Nd2 Nd6 24.Qe2 a4 25.Bc5 Rg7 26.Bxd6 Qxd6 27.Ne4 Qe7 28.Ng3 e4 29.Qb5 Ra5
30.Qb6 Ra6 31.Qb5 Ra5 32.Qb6 Ra6  1/2-1/2

[Event "Nordic Championships"]
[Site "Bergen NOR"]
[Date "2001.08.05"]
[Round "2"]
[White "Weighell,M"]
[Black "Tjomsland,S"]
[Result "0-1"]
[WhiteElo "2119"]
[BlackElo "2269"]

1.e4 e6 2.d4 d5 3.Nd2 Be7 4.c3 Nf6 5.e5 Nfd7 6.Bd3 c5 7.Qg4 O-O 8.Ndf3 f5
9.Qg3 Kh8 10.Ne2 cxd4 11.cxd4 Bb4+ 12.Bd2 Nc6 13.Bc3 Nb6 14.h4 Na4 15.Kf1 Bd7
16.h5 h6 17.Nh4 Kg8 18.Bc2 Nxc3 19.bxc3 Be7 20.Ng6 Rf7 21.Rb1 Na5 22.Qd3 Nc4
23.Rxb7 Na3 24.Bb3 Qc8 25.Qa6 Bb5 26.Nxe7+ Rxe7 27.Qxa3 Rxb7 28.Qc1 Rc7 29.Rh3 Qa6  0-1

[Event "Kochan Mem Open"]
[Site "Koszalin POL"]
[Date "2001.08.06"]
[Round "3"]
[White "Moryc,I"]
[Black "Stanczyk,L"]
[Result "1/2-1/2"]
[WhiteElo "2112"]
[BlackElo "2128"]

1.e4 e6 2.d4 d5 3.Nd2 Nc6 4.Ngf3 Nf6 5.Bd3 Nb4 6.Qe2 c5 7.dxc5 Bxc5 8.e5 Nd7
9.O-O O-O 10.Nb3 Be7 11.c3 Nxd3 12.Qxd3 h6 13.Re1 b6 14.a4 Nc5 15.Qc2 Ba6
16.Nbd4 Qc7 17.g4 Bd3 18.Qd1 Be4 19.h4 Nd3 20.Re3 Nxe5 21.Nxe5 Qxe5 22.Nc6 Qd6
23.Nxe7+ Qxe7 24.f3 Bh7 25.h5 Rac8 26.Qxd5 Rfd8 27.Qe5 Qh4 28.Qh2 Rd1+ 29.Kg2 Qg5
30.Qe5 Qh4 31.Qh2 Qd8 32.Qg3 Rc5 33.Re1 Rcd5 34.Be3 R1d3 35.Kf2 e5 36.g5 hxg5
37.Qxg5 Rd2+ 38.Re2 f6 39.Qg4 Rxe2+ 40.Kxe2 Bd3+ 41.Kf2 f5 42.Qg5 f4 43.Qxd8+ Rxd8
44.Bc1 Bc2 45.a5 Rd1 46.axb6 axb6 47.b4 Rh1 48.Ra8+ Kh7 49.Ba3 b5 50.c4 bxc4
51.b5 Rb1 52.Rb8 Ba4 53.b6 Bc6 54.Bd6 Rb3 55.Rc8 Rxf3+ 56.Kg1 Bd5 57.Bxe5 Rb3
58.Rc5 Bf7 59.Rc7 Bxh5 60.Bxg7 Kg6 61.Bd4 Bf3 62.Rxc4  1/2-1/2

[Event "Smith & Williamson ch-GBR"]
[Site "Scarborough HUN"]
[Date "2001.08.06"]
[Round "7"]
[White "Emms,J"]
[Black "Hodgson,Ju"]
[Result "1/2-1/2"]
[WhiteElo "2532"]
[BlackElo "2581"]

1.e4 e6 2.d4 d5 3.Nd2 Be7 4.c3 c5 5.dxc5 Nf6 6.exd5 Qxd5 7.b4 a5 8.Ngf3 O-O
9.Bc4 Qh5 10.O-O Nd5 11.Bxd5 Qxd5 12.a3 b6 13.c4 Qh5 14.Bb2 bxc5 15.b5 f6
16.Ne4 Nd7 17.Nd6 Nb6 18.Nxc8 Rfxc8 19.Qe2 e5  1/2-1/2

[Event "12th Sueder Summer"]
[Site "Recklinghausen GER"]
[Date "2001.08.08"]
[Round "5"]
[White "Koscielski,J"]
[Black "Pusch,H"]
[Result "1-0"]
[WhiteElo "2335"]
[BlackElo "2169"]

1.e4 e6 2.d4 d5 3.Nd2 a6 4.Ngf3 c5 5.dxc5 Bxc5 6.Bd3 Ne7 7.a3 b5 8.b4 Bb6
9.Bb2 O-O 10.O-O Ng6 11.g3 Nd7 12.e5 Qc7 13.Qe2 f6 14.exf6 Nxf6 15.Rac1 Ng4
16.Kg2 e5 17.Bxg6 hxg6 18.Bxe5 Qe7 19.Rce1 Re8 20.Qd3 Qf7 21.Bd4 Bf5 22.Rxe8+ Rxe8
23.Qb3 Bd8 24.Re1 Rxe1 25.Nxe1 Qe6 26.Nef3 Nf6 27.Be3 Bh3+ 28.Kg1 Ne4 29.Nd4 Qe5
30.Nxe4 Qxe4 31.f3 Qe5 32.Kf2 Bb6 33.Qd3 Kh7 34.c3 Qh5 35.Kg1 Qe5 36.Kf2 Qh5
37.Qe2 Bd7 38.h4 Bd8 39.Bf4 g5 40.Qe5 Bb6 41.Bxg5 Qg6 42.Be3 Qf7 43.Ne2 Bd8
44.Nf4 Bf6 45.Qxd5 Qe7 46.Bd4 Be8 47.Bxf6  1-0

[Event "Nordic Championships"]
[Site "Bergen NOR"]
[Date "2001.08.11"]
[Round "8"]
[White "Heim,S"]
[Black "Johannessen,LE"]
[Result "0-1"]
[WhiteElo "2371"]
[BlackElo "2426"]

1.e4 e6 2.d4 d5 3.Nd2 Be7 4.Bd3 c5 5.dxc5 Nf6 6.Qe2 Nc6 7.Ngf3 Nb4 8.Nb3 Nxd3+
9.cxd3 a5 10.e5 Nd7 11.a4 Nxc5 12.Nxc5 Bxc5 13.O-O O-O 14.d4 Be7 15.Bd2 b6
16.Rfb1 Bd7 17.b4 Bxb4 18.Bxb4 axb4 19.Qd1 Qe7 20.Qb3 Ra5 21.Qxb4 Qxb4 22.Rxb4 b5
23.Kf1 bxa4 24.Ke1 Rc8 25.Kd2 Raa8 26.Ne1 Rcb8 27.Rxb8+ Rxb8 28.Nd3 Be8 29.Nc5 Rb2+
30.Ke3 Rb4 31.h4 Kf8 32.g3 Ke7 33.Ra3 Bb5 34.f4 h5 35.Rc3 Bc4 36.Ra3 Bb5
37.Rc3 Kf8 38.Nb7 Bc4 39.Nd6 Ke7 40.f5 f6 41.Kf4 Rb3 42.Rc2 Rd3 43.Nc8+ Kd8
44.exf6 gxf6 45.fxe6 Kxc8 46.Kf5 Kd8 47.Kxf6 Rf3+ 48.Ke5 Ke7  0-1

[Event "I American Continental"]
[Site "Cali COL"]
[Date "2001.08.14"]
[Round "5"]
[White "Rodriguez,W"]
[Black "Uribe,M"]
[Result "0-1"]
[WhiteElo "2093"]
[BlackElo "2337"]

1.e4 e6 2.d4 d5 3.Nd2 Nc6 4.Ngf3 Nf6 5.Bd3 Nb4 6.O-O Nxd3 7.cxd3 Be7 8.Re1 O-O
9.Nb3 b6 10.Ne5 Bb7 11.f3 c5 12.Be3 c4 13.dxc4 dxe4 14.f4 Ne8 15.Rc1 f6 16.Ng4 Qd7
17.Nf2 f5 18.Qc2 Rc8 19.Red1 g5 20.g3 gxf4 21.gxf4 Kh8 22.Kh1 Rg8 23.Rg1 Nf6
24.Qd2 Rxg1+ 25.Kxg1 Rg8+ 26.Kh1 Bb4 27.Qe2 Qg7 28.Qf1 Bd6 29.Nh3 Ng4 30.Re1 Bb4
31.Re2 Ba6  0-1

[Event "TCh-Rep. Srpska"]
[Site "Jahorina BIH"]
[Date "2001.08.14"]
[Round "4"]
[White "Stojanovic,Da"]
[Black "Drasko,M"]
[Result "1/2-1/2"]
[WhiteElo "2366"]
[BlackElo "2509"]

1.e4 e6 2.d4 d5 3.Nd2 Be7 4.Bd3 c5 5.dxc5 Nf6 6.Qe2 Nc6 7.Ngf3 a5 8.O-O a4
9.c4 d4 10.e5 Nd7 11.Rd1 O-O 12.Qe4 g6 13.Qe2 Qc7 14.Ne4 Ncxe5 15.Nxd4 Nxd3
16.Qxd3 Nxc5 17.Nxc5 Qxc5 18.Be3 Qh5  1/2-1/2

[Event "Asian Championships"]
[Site "Calcutta IND"]
[Date "2001.08.16"]
[Round "10"]
[White "Egin,V"]
[Black "Ravi,L"]
[Result "1-0"]
[WhiteElo "2451"]
[BlackElo "2389"]

1.e4 e6 2.d4 d5 3.Nd2 Be7 4.Bd3 c5 5.dxc5 Nf6 6.Qe2 Nc6 7.Ngf3 a5 8.O-O a4
9.a3 O-O 10.b4 axb3 11.cxb3 Nb4 12.e5 Nxd3 13.Qxd3 Ng4 14.b4 f6 15.Bb2 Qe8
16.h3 Nh6 17.Rfe1 Bd7 18.Nb3 fxe5 19.Bxe5 Nf5 20.Nbd4 Qg6 21.Rad1 Qh6 22.Re2 Ra6
23.Nxf5 Rxf5 24.Bb2 Be8 25.Nd4 Rf8 26.b5 Bg6 27.Qb3 Raa8 28.Nxe6 Bf7 29.Nxg7 Bf6
30.Nf5 Qg5 31.Bxf6 Qxf6 32.Nd6 Kh8 33.Nxf7+ Rxf7 34.Qxd5 Rxa3 35.Qd4 Kg7
36.Qxf6+ Kxf6 37.Rd6+ Kg7 38.Rc2 Rb3 39.c6 bxc6 40.bxc6 Rc7 41.Rcd2 Kf8 42.Rd8+  1-0

[Event "TCh-ESP Div 2"]
[Site "Vila Real ESP"]
[Date "2001.08.16"]
[Round "4"]
[White "Munoz Perez,I"]
[Black "Patino Romaris,J"]
[Result "1/2-1/2"]
[WhiteElo "2227"]
[BlackElo "2261"]

1.e4 e6 2.d4 d5 3.Nd2 Nc6 4.Ngf3 Nf6 5.exd5 exd5 6.c3 Bd6 7.Bd3 O-O 8.O-O Bg4
9.Re1 Qd7 10.Nf1 Rae8 11.Rxe8 Rxe8 12.h3 Bh5 13.Ng3 Bxg3 14.fxg3 Ne4 15.g4 Bg6
16.Bf4 Nd6 17.Bxg6 hxg6 18.Qb3 Ne4 19.Qxb7 Rb8 20.Qxc7 Qxc7 21.Bxc7 Rxb2
22.c4 Nd2 23.Nxd2 Rxd2 24.cxd5 Nxd4 25.d6 Nb5 26.a4 Nxd6 27.Bxd6 Rxd6 28.Kf2 Rd2+
29.Kf3 a5 30.Re1 Ra2 31.Re4 g5 32.Rc4 f6 33.Ke4 g6 34.Kd5 Kg7 35.g3 Ra3 36.h4 Kh6
37.Ke6 Rxg3 38.hxg5+ Kxg5 39.Rc5+ f5 40.gxf5 Re3+ 41.Kd6 gxf5 42.Rxa5 Kg4
43.Ra8 f4 44.a5 f3 45.Rg8+ Kh3 46.Kc6 Re6+ 47.Kb7 Rf6 48.Rc8 f2 49.Rc1 Re6
50.Rf1 Kg2 51.Rxf2+ Kxf2  1/2-1/2

[Event "Asian Championships"]
[Site "Calcutta IND"]
[Date "2001.08.17"]
[Round "11"]
[White "Egin,V"]
[Black "Villamayor,B"]
[Result "0-1"]
[WhiteElo "2451"]
[BlackElo "2560"]

1.e4 e6 2.d4 d5 3.Nd2 Be7 4.Bd3 c5 5.c3 cxd4 6.cxd4 dxe4 7.Nxe4 Nf6 8.Nf3 O-O
9.O-O Nc6 10.Be3 Nb4 11.Nxf6+ Bxf6 12.Be4 Qd6 13.Ng5 Bxg5 14.Bxg5 h6 15.Be3 Nd5
16.Qb3 Nxe3 17.fxe3 Rb8 18.Rac1 Bd7 19.Rc2 b6 20.Rfc1 e5 21.Qd5 Qxd5 22.Bxd5 exd4
23.exd4 Rfd8 24.Rc7 Be8 25.Bb3 a5 26.Rf1 Rxd4 27.h3 Rd6 28.Bxf7+ Kh7 29.Bb3 Bg6
30.Re1 Re8 31.Rxe8 Bxe8 32.Rc8 a4 33.Rxe8 axb3 34.axb3 Rd3  0-1

[Event "Rubinstein Open"]
[Site "Polanica Zdroj POL"]
[Date "2001.08.17"]
[Round "2"]
[White "Jasik,K"]
[Black "Pichugin,A"]
[Result "1/2-1/2"]
[WhiteElo "2250"]
[BlackElo "2416"]

1.e4 e6 2.d4 d5 3.Nd2 a6 4.Ngf3 c5 5.exd5 exd5 6.dxc5 Bxc5 7.Nb3 Bb6 8.Be2 Nf6
9.O-O O-O 10.Nbd4 Nc6 11.c3 Qd6 12.Bg5 Re8 13.Bh4 Ne4 14.Bg3 Nxg3 15.hxg3 Bg4
16.Qd2 Re4 17.Rae1 Rae8 18.Bd3 R4e7 19.Rxe7 Rxe7 20.Nxc6 bxc6 21.Nd4 c5 22.Nf5 Bxf5
23.Bxf5 c4 24.Re1 Rxe1+ 25.Qxe1 g6 26.Bc8 a5 27.Qd2 d4  1/2-1/2

[Event "VI Cup IM"]
[Site "Paks HUN"]
[Date "2001.08.19"]
[Round "2"]
[White "Toth,An1"]
[Black "Macsik,T"]
[Result "1/2-1/2"]
[WhiteElo "2382"]
[BlackElo "2188"]

1.e4 e6 2.d4 d5 3.Nd2 Be7 4.Ngf3 Nf6 5.Bd3 c5 6.dxc5 dxe4 7.Nxe4 Nxe4 8.Bxe4 Qxd1+
9.Kxd1 Bxc5 10.Ke2 Nd7 11.Rd1 Nf6 12.Bd3 Ke7 13.Ne5 Nd7 14.Nc4 b6 15.c3 a5
16.Bg5+ f6 17.Be3 Ba6 18.Rab1 Rhc8 19.Bxc5+  1/2-1/2

[Event "WJun"]
[Site "Athens GRE"]
[Date "2001.08.23"]
[Round "7"]
[White "Schneider,D"]
[Black "Kose,S"]
[Result "1-0"]
[WhiteElo "2405"]
[BlackElo "2217"]

1.e4 e6 2.d4 d5 3.Nd2 Be7 4.Bd3 Nf6 5.e5 Nfd7 6.c3 c5 7.Ngf3 Nc6 8.O-O Qb6
9.a3 cxd4 10.cxd4 Nxd4 11.Nxd4 Qxd4 12.Nf3 Qg4 13.b4 f5 14.exf6 gxf6 15.h3 Qh5
16.Re1 Rg8 17.Kh1 a6 18.Bb2 Nf8 19.Be2 Qf7 20.Rc1 Ng6 21.Rc7 Nf4 22.Qc1 Qg7
23.Bf1 Nd3 24.Rxc8+ Kf7 25.Qe3 Nxf2+ 26.Qxf2 Rgxc8 27.Nd4 Rc6 28.Nxc6 bxc6
29.Rc1 a5 30.Rxc6 axb4 31.axb4 Qg6 32.b5 Rb8 33.Rc7 Kf8 34.Rxe7  1-0

[Event "Open"]
[Site "Feffernitz AUT"]
[Date "2001.08.25"]
[Round "8"]
[White "Buerger,T"]
[Black "Kaufeld,J"]
[Result "1-0"]
[WhiteElo "2097"]
[BlackElo "2176"]

1.e4 e6 2.d4 d5 3.Nd2 Be7 4.g3 Nf6 5.e5 Nfd7 6.Bg2 c5 7.c3 Nc6 8.Ne2 cxd4
9.cxd4 Nb6 10.O-O Bd7 11.Nb3 Nc4 12.Nd2 Nb6 13.Nb3 Nc4 14.Nc3 Rc8 15.Qg4 Kf8
16.Qe2 a5 17.Kh1 h5 18.f4 g6 19.Be3 b6 20.Bg1 Na7 21.a4 Kg7 22.h3 Bb4 23.Rf3 Nc6
24.Kh2 Ne7 25.Na2 Nc6 26.Nxb4 Nxb4 27.Rc3 Qe8 28.Nc1 b5 29.b3 Nb6 30.Rxc8 Nxc8
31.axb5 Bxb5 32.Qd2 Qd8 33.Na2 Nc6 34.Nc3 Ba6 35.Na4 N8e7 36.Nc5 Qb6 37.Rc1 Ra8
38.f5 Nxf5 39.g4 hxg4 40.hxg4 Rh8+ 41.Bh3 Nh4 42.Qf4 Kg8 43.Bf2 Be2 44.Bxh4 Rxh4
45.Qf2 Rxg4 46.Bxg4 Bxg4 47.Nd7 Qxb3 48.Nf6+  1-0